Introducción a la filosofía /
Guardado en:
| Autor Principal: | |
|---|---|
| Formato: | Libro |
| Publicado: |
Buenos Aires :
Kapelusz,
1964
|
| Materias: | |
| Etiquetas: |
Agregar Etiqueta
Sin Etiquetas, Sea el primero en etiquetar este registro!
|
| LEADER | 00966nam a22001575a 4500 | ||
|---|---|---|---|
| 001 | CEM.cems004105 | ||
| 008 | 130507s1964##################000#0#####d | ||
| 005 | 20220929192516.0 | ||
| 245 | 1 | 0 | |a Introducción a la filosofía / |c Héctor D. Mandrioni. |
| 260 | |a Buenos Aires : |b Kapelusz, |c 1964 | ||
| 300 | |a 310 p. | ||
| 505 | 0 | |a La tarea del filósofo -- La actitud filosófica -- Conocimiento científico y conocimiento precientífico -- La vida anímica -- Las cosas materiales -- Los seres vivientes -- El conocimiento -- Los valores -- La persona -- El ser -- La filosofía como tarea intelectual -- La filosofía como conocimiento sistemático -- La filosofía como conocimiento fundamental de la realidad -- Relación entre la filosofía y la ciencia -- Filosofía, teología y religión -- Filosofía y arte -- División de la filosofía | |
| 100 | 1 | |a Mandrioni, Héctor D. | |
| 082 | 0 | 4 | |a 100 |
| 653 | |a Filosofia | ||
| 859 | |a CEMS |b BIB. CEMS - 11 de abril |h 100 |i M312 |p 12978.84 |t Ej.1 | ||
